Library Banner

Iran rising : (Record no. 116740)

MARC details
000 -LEADER
fixed length control field 00503nam a22001695i 4500
001 - CONTROL NUMBER
control field 20387240
005 - DATE AND TIME OF LATEST TRANSACTION
control field 20200125110021.0
008 - FIXED-LENGTH DATA ELEMENTS--GENERAL INFORMATION
fixed length control field 180305s2019 nju 000 0 eng
020 ## - INTERNATIONAL STANDARD BOOK NUMBER
International Standard Book Number 978069119555178 (hardcover : alk. paper)
040 ## - CATALOGING SOURCE
Transcribing agency PK-LaUMT
082 ## - DEWEY DECIMAL CLASSIFICATION NUMBER
Classification number 320.955
Item number AMI-I
100 1# - MAIN ENTRY--PERSONAL NAME
Personal name Amin Saikal
245 10 - TITLE STATEMENT
Title Iran rising :
Remainder of title the survival and future of the Islamic republic /
Statement of responsibility, etc by Amin Saikal
260 ## - PUBLICATION, DISTRIBUTION, ETC. (IMPRINT)
Place of publication, distribution, etc Princeton :
Name of publisher, distributor, etc Princeton University Press,
Date of publication, distribution, etc 2019
300 ## - PHYSICAL DESCRIPTION
Extent 326 p.
942 ## - ADDED ENTRY ELEMENTS (KOHA)
Koha item type Books
Holdings
Withdrawn status Lost status Damaged status Home library Current library Date acquired Full call number Barcode Date last seen Price effective from Koha item type
      UMT Main Campus UMT Main Campus 2020-01-25 320.955 AMI-I 132847 2024-11-14 2020-01-25 Books